[Event "MVCC Ch (Championship)"]
[Site "Twin Falls, Idaho"]
[Date "2013.03.23"]
[Round "2.4"]
[White "Machin, Alex James"]
[Black "Wray, James"]
[Result "0-1"]
[WhiteElo "1664"]
[BlackElo "1437"]

1. e4 g6 2. d4 Bg7 3. Be3 c5 4. c3 cxd4 5. cxd4 Nf6 6. Nc3 O-O 7. Nf3 d6 8.
Be2 Nbd7 9. O-O Ng4 10. Bc1 b6 11. h3 Ngf6 12. Bf4 Nh5 13. Bh2 e5 14. dxe5
Nxe5 15. Nxe5 Bxe5 16. Bxe5 dxe5 17. Bxh5 gxh5 18. Qxh5 f6 19. Rad1 Qe7 20.
Nd5 Qg7 21. Ne3 Kh8 22. Rd6 Rg8 23. Rfd1 Qg5 24. Qxg5 Rxg5 25. Rd8+ Kg7 26.
Kh2 Kh6 27. Nf5+ Bxf5 28. Rxa8 Bxe4 29. Rad8 Rxg2+ 30. Kh1 Rxf2+ 31. Kg1 Rg2+
32. Kf1 Rxb2 33. R8d2 Rb4 34. Kf2 a5 35. Rg1 a4 36. Rg3 b5 37. Ke1 Rc4 38. Kd1
b4 39. Rd6 Kh5 40. Rxf6 Rd4+ 41. Kc1 Rc4+ 42. Kb2 Rc2+ 43. Ka1 Rc1+ 44. Kb2
Rc2+ 45. Ka1 Rc1+ 46. Kb2 Rb1# 0-1

[Event "MVCC Ch (Championship)"]
[Site "Twin Falls, Idaho"]
[Date "2013.03.23"]
[Round "4.5"]
[White "Looney, Daniel S"]
[Black "Machin, Alex James"]
[Result "1-0"]
[WhiteElo "1624"]
[BlackElo "1664"]

1. e4 e5 2. Nf3 Nc6 3. d4 exd4 4. Nxd4 Bc5 5. Nb3 Bb6 6. Nc3 Nf6 7. Bg5 h6 8.
Bh4 d6 9. Bd3 Bd7 10. O-O g5 11. Bg3 Bg4 12. Qd2 Qd7 13. Nd5 Nh5 14. Rae1
O-O-O 15. Nxb6+ axb6 16. Bb5 Qe7 17. a4 Ne5 18. a5 Qf6 19. f4 Nxg3 20. hxg3
Ng6 21. axb6 cxb6 22. Ra1 Kc7 23. Ra7 Ra8 24. e5 dxe5 25. Qc3+ Kb8 26. Rxa8+
Kxa8 27. Qc7 {#r} 1-0

[Event "Meridian Invitational"]
[Site "Meridian, ID"]
[Date "2013.04.20"]
[Round "1"]
[White "Machin, Alex James"]
[Black "Lang, Jamie"]
[Result "1-0"]
[WhiteElo "1666"]
[BlackElo "1350"]
[EventRounds "4"]
[EventCountry "USA"]

{Game/30; d5} 1. e4 e5 2. Nf3 Nc6 3. d4 d6 4. Bb5 Bd7 5. O-O Nxd4 6. Bxd7+
Qxd7 7. Nxd4 exd4 8. Qxd4 Nf6 9. Nc3 Be7 10. Be3 O-O 11. Rad1 c5 12. Qd3 Qc6
13. Nd5 Nxd5 14. Qxd5 Qxd5 15. Rxd5 Rfd8 16. Rfd1 Rac8 17. Bf4 Rc6 18. h3 f6
19. e5 fxe5 20. Bxe5 Kf7 21. Bf4 h6 22. Kf1 Ke6 23. c4 b6 24. Bg3 Kd7 25. h4
Kc7 26. h5 Bf6 27. b3 Bd4 28. Rf5 Rd7 29. Re1 Kb7 30. Re8 Bf6 31. Rf3 Rc8 32.
Rxc8 Kxc8 33. Re3 Kc7 34. Re6 Kc6 35. Ke2 a5 36. a4 Bd4 37. f3 Bf6 38. Kd3 Bd4
39. Ke4 Bf6 40. Bh2 Re7 41. Rxe7 Bxe7 42. g4 Bf6 43. Kf5 Bd4 44. Bf4 d5 45.
cxd5+ Kxd5 {Further recording not done due to sudden death time scramble.}
{#r} 1-0

[Event "Meridian Invitational"]
[Site "Meridian, ID"]
[Date "2013.04.20"]
[Round "4"]
[White "Roland, Jeffrey T"]
[Black "Machin, Alex James"]
[Result "0-1"]
[WhiteElo "1701"]
[BlackElo "1666"]
[EventRounds "4"]
[EventCountry "USA"]

{Game/30; d5} 1. e4 e5 2. Nf3 Nc6 3. Bb5 Nd4 4. Nxd4 exd4 5. O-O g6 6. c3 Bg7
7. d3 Ne7 8. f4 c6 9. Ba4 b5 10. Bc2 d5 11. e5 dxc3 12. bxc3 c5 13. d4 c4 14.
Ba3 Bf5 15. Bxf5 Nxf5 16. Qf3 a5 17. Bd6 Nxd6 18. exd6 Qxd6 19. Re1+ Kd7 20.
Nd2 Rhe8 21. Qh3+ Kc6 22. Qxh7 Qxf4 23. Nf3 Qh6 24. Qxh6 Bxh6 25. Ne5+ Rxe5
26. Rxe5 Bd2 27. Rf1 Bxc3 28. Rf6+ Kd7 29. Rxf7+ Kd6 30. Rf6+ Kd7 31. Rxd5+
Ke7 32. Rxg6 b4 33. Kf1 a4 34. Rb5 b3 35. Rb7+ Kf8 36. axb3 cxb3 37. Rf6+ Kg8
38. Rg6+ Kf8 39. Rg4 b2 40. Rf4+ Kg8 41. d5 a3 42. Rg4+ Kf8 43. Rf4+ Kg8 44.
Rg4+ Kf8 45. Rf4+ Ke8 46. Re4+ Kd8 47. Rg4 Kc8 48. Re7 Ba5 49. Rg8+ Bd8 50.
Re1 a2 51. Ree8 b1=Q+ 52. Kf2 Qf5+ 53. Kg1 Qf6 54. Rgf8 a1=Q+ {#R} 0-1

[Event "MH Spring Chess Tourny"]
[Site "Mountain Home, ID"]
[Date "2013.05.04"]
[Round "1.1"]
[White "Lidback, Stan"]
[Black "Machin, Alex"]
[Result "0-1"]
[WhiteElo "1000"]
[BlackElo "1664"]

1. e4 e5 2. d4 exd4 3. Qxd4 Nc6 4. Qe3 Nf6 5. Bd2 Be7 6. e5 Ng4 7. Qe4 Ngxe5
8. Nc3 O-O 9. O-O-O d6 10. Bd3 Nxd3+ 11. cxd3 Be6 12. Nf3 d5 13. Qa4 a6 14. d4
Qd7 15. Bg5 Rfe8 16. h4 b5 17. Qc2 Bf5 18. Rd3 Nb4 19. Ne5 Bxg5+ 20. hxg5 Rxe5
21. Qd1 Nxd3+ 22. Kd2 Nxf2 23. Qf3 Nxh1 {#R} 0-1

[Event "MH Spring Chess Tourny"]
[Site "Mountain Home, ID"]
[Date "2013.05.04"]
[Round "2.1"]
[White "Machin, Alex"]
[Black "Winchell, Tom"]
[Result "1-0"]
[WhiteElo "1664"]
[BlackElo "1000"]

1. e4 e5 2. Nf3 Nc6 3. Nc3 Nf6 4. Bb5 a6 5. Bxc6 dxc6 6. O-O Bd6 7. h3 O-O 8.
d3 Be6 9. Bg5 c5 10. Ne2 h6 11. Be3 Nh5 12. Qd2 Qf6 13. Nh2 Nf4 14. Bxf4 exf4
15. c3 h5 16. Kh1 g5 17. f3 Rad8 18. d4 cxd4 19. cxd4 c6 20. Qa5 Qe7 21. Rad1
Bc4 22. Nc3 Bb4 23. Qf5 Bxf1 24. Nxf1 Bxc3 25. bxc3 Rd6 26. g3 Rf6 27. Qxg5+
Rg6 28. Qxe7 fxg3 29. Kg2 b6 30. Ne3 Re6 31. Qg5+ Rg6 32. Qxh5 Kg7 33. Nf5+
Kf6 34. e5+ {#r} 1-0

[Event "MH Spring Chess Tourny"]
[Site "Mountain Home, ID"]
[Date "2013.05.04"]
[Round "3.1"]
[White "Roland, Jeffrey T"]
[Black "Machin, Alex"]
[Result "1-0"]
[WhiteElo "1647"]
[BlackElo "1664"]

1. d4 Nf6 2. c4 d6 3. Nc3 c6 4. e4 Qa5 5. Bd2 e5 6. Nf3 Nbd7 7. Be2 Qb6 8. d5
cxd5 9. cxd5 Be7 10. O-O O-O 11. Na4 Qd8 12. Qc2 Nb6 13. Nxb6 Qxb6 14. a4 Bd7
15. a5 Qd8 16. Bd3 b5 17. a6 Ne8 18. Rfc1 Kh8 19. Qb3 Rb8 20. Ba5 Rb6 21. Bxb6
Qxb6 22. Qb4 f5 23. Nxe5 fxe4 24. Nxd7 Qxf2+ 25. Kh1 Rf4 26. Rf1 {Time
Forfeit} {#r} 1-0

[Event "MH Spring Chess Tourny"]
[Site "Mountain Home, ID"]
[Date "2013.05.04"]
[Round "4.2"]
[White "Machin, Alex"]
[Black "Pentico, Christopher"]
[Result "1-0"]
[WhiteElo "1664"]
[BlackElo "1035"]

1. c4 Nf6 2. Nc3 g6 3. e4 d6 4. Nge2 Bg7 5. g3 O-O 6. Bg2 c6 7. O-O Na6 8. d3
Ne8 9. Bf4 e5 10. Be3 f5 11. Qd2 Nac7 12. Bh6 Qf6 13. Bxg7 Kxg7 14. f4 exf4
15. Nxf4 Qd4+ 16. Qf2 Qxf2+ 17. Rxf2 fxe4 18. Bxe4 Nf6 19. Bf3 Bd7 20. Ne4 Ng4
21. Bxg4 Bxg4 22. Nxd6 b5 23. Re1 Kh6 24. h3 Rad8 25. c5 Bc8 26. Re7 Nd5 27.
Nxd5 Rxf2 28. Kxf2 cxd5 29. Nf7+ {#r} 1-0

[Event "Idaho Open (Open)"]
[Site "Pocatello, ID"]
[Date "2013.05.18"]
[Round "1.3"]
[White "Gretchanei, Petro"]
[Black "Machin, Alex James"]
[Result "1-0"]
[WhiteElo "1845"]
[BlackElo "1666"]

1. e4 g6 2. Bc4 Bg7 3. Nf3 d6 4. d4 Nf6 5. Nc3 O-O 6. Qd3 Nc6 7. a3 Bg4 8. Bg5
a6 9. O-O-O Qc8 10. Ba2 a5 11. h3 Nb4 12. Qc4 Nxa2+ 13. Qxa2 Be6 14. d5 Bd7
15. Nd4 Qe8 16. Qc4 c6 17. dxc6 bxc6 18. f4 d5 19. exd5 cxd5 20. Nxd5 Rc8 21.
Qa2 Ba4 22. Bxf6 exf6 23. Rhe1 Qd8 24. Ne7+ Kh8 25. Nxc8 Qxc8 26. Rd2 f5 27.
c3 Re8 28. Rxe8+ Qxe8 29. Re2 Qd7 30. Qc4 Qb7 31. Qxa4 {#r} 1-0

[Event "Idaho Open (Open)"]
[Site "Pocatello, ID"]
[Date "2013.05.18"]
[Round "2.7"]
[White "Machin, Alex James"]
[Black "Gorman, Cody Austin"]
[Result "0-1"]
[WhiteElo "1666"]
[BlackElo "1673"]

1. e4 c5 2. Nc3 Nc6 3. Nf3 g6 4. d4 cxd4 5. Nxd4 Bg7 6. Be3 Nf6 7. Bc4 O-O 8.
f3 Qb6 9. Bb3 Nxe4 10. Nf5 Nxc3 11. bxc3 Bxc3+ 12. Kf2 Qb4 13. Nh6+ Kg7 14.
Ng4 Bd4 15. h4 h5 16. Bxd4+ Qxd4+ 17. Qxd4+ Nxd4 18. Ne3 d6 19. g4 hxg4 20.
fxg4 Be6 21. h5 Rh8 22. hxg6 Kxg6 23. Kg3 Rac8 24. Nd5 Bxd5 25. Bxd5 Rc3+ 26.
Kf4 Ne2+ 27. Ke4 Rxh1 28. Rxh1 e5 29. Bxb7 Ng3+ 30. Kd5 Nxh1 31. Kxd6 Nf2 32.
Kxe5 Nxg4+ 33. Kd4 Rc7 34. Be4+ f5 35. Bf3 Rxc2 {#R} 0-1

[Event "Idaho Open (Open)"]
[Site "Pocatello, ID"]
[Date "2013.05.19"]
[Round "4.6"]
[White "Machin, Alex James"]
[Black "Owen, Gary"]
[Result "0-1"]
[WhiteElo "1666"]
[BlackElo "1608"]

1. e4 e5 2. Nf3 Nf6 3. Nc3 Bb4 4. Bc4 O-O 5. d3 Nc6 6. O-O h6 7. a3 Bxc3 8.
bxc3 d5 9. exd5 Nxd5 10. Qe1 Re8 11. Ba2 Bg4 12. c4 Bxf3 13. cxd5 Nd4 14. Qd2
Qh4 {#R} 0-1

[Event "Idaho Open (Open)"]
[Site "Pocatello, ID"]
[Date "2013.05.19"]
[Round "5.7"]
[White "Kardzhyan, Vahan"]
[Black "Machin, Alex James"]
[Result "0-1"]
[WhiteElo "1456"]
[BlackElo "1666"]

1. d4 Nf6 2. c4 g6 3. Nc3 d5 4. cxd5 Nxd5 5. e4 Nxc3 6. bxc3 Bg7 7. Nf3 O-O 8.
Be2 c5 9. Rb1 Qa5 10. Qd2 Nc6 11. Rb5 Qd8 12. Rxc5 Bd7 13. Bb5 Rc8 14. Bxc6
Bxc6 15. d5 Bb5 16. Rxc8 Qxc8 17. Nd4 Ba6 18. Bb2 Qc4 19. a3 e5 20. dxe6 fxe6
21. Qe2 Bxd4 22. Qxc4 Bxf2+ 23. Kd2 Bxc4 {#R} 0-1

[Event "ICA Summer Classic (Open)"]
[Site "Boise, ID"]
[Date "2013.08.17"]
[Round "1.6"]
[White "Vaughn, Michael E"]
[Black "Machin, Alex James"]
[Result "1-0"]
[WhiteElo "1754"]
[BlackElo "1569"]
[EventRounds "5"]
[EventCountry "USA"]

1. d4 Nf6 2. Nf3 g6 3. b3 Bg7 4. Bb2 O-O 5. Nbd2 c5 6. e3 Nc6 7. a3 cxd4 8.
exd4 d6 9. Bd3 Bd7 10. O-O Qc7 11. Rc1 Rfe8 12. Re1 Rac8 13. c4 e5 14. d5 Ne7
15. b4 Qb6 16. Rc2 Ba4 17. Qa1 Bxc2 18. Bxc2 a5 19. Ba4 Red8 20. c5 dxc5 21.
Nc4 Qa7 22. d6 Nc6 23. b5 Nd4 24. Nfxe5 Qa8 25. Nb6 Qb8 26. Nxc8 Qxc8 27. Bxd4
cxd4 28. Bb3 Kh8 29. Nxf7+ {#r} 1-0

[Event "ICA Summer Classic (Open)"]
[Site "Boise, ID"]
[Date "2013.08.17"]
[Round "2.12"]
[White "Machin, Alex James"]
[Black "Buus, Jarod"]
[Result "1-0"]
[WhiteElo "1569"]
[BlackElo "1201"]
[EventRounds "5"]
[EventCountry "USA"]

1. c4 Nf6 2. Nc3 d5 3. cxd5 Nxd5 4. Nf3 Nc6 5. g3 e5 6. Bg2 Be6 7. O-O f6 8.
Qb3 b6 9. Nxe5 Na5 10. Qb5+ c6 11. Nxc6 Qd7 12. Nxd5 Nxc6 {#r} 1-0

[Event "ICA Summer Classic (Open)"]
[Site "Boise, ID"]
[Date "2013.08.17"]
[Round "3.8"]
[White "Gordon, David"]
[Black "Machin, Alex James"]
[Result "1-0"]
[WhiteElo "1150"]
[BlackElo "1569"]
[EventRounds "5"]
[EventCountry "USA"]

1. e4 c5 2. d4 cxd4 3. c3 d3 4. Bxd3 Nc6 5. Nf3 Nf6 6. O-O Qc7 7. Re1 d6 8.
Be3 Bg4 9. Nbd2 h6 10. h3 Bh5 11. Qc2 Bg6 12. Bf4 Nd7 13. b4 Rc8 14. Rac1 e6
15. b5 Nce5 16. Nxe5 Nxe5 17. Bxe5 dxe5 18. b6 Qxb6 19. Qa4+ Kd8 20. Nc4 Qc5
21. Na5 Rc7 22. Red1 Ke7 23. Nb3 Qb6 24. Rd2 Kf6 25. Qe8 Re7 26. Qa4 Rc7 27.
c4 Be7 28. Re2 Bh7 29. Re3 g6 30. Rf3+ Kg7 31. c5 Bxc5 32. Nxc5 Rxc5 33. Rxc5
Qxc5 34. Qd7 Qc6 35. Qxf7# 1-0

[Event "ICA Summer Classic (Open)"]
[Site "Boise, ID"]
[Date "2013.08.18"]
[Round "5.6"]
[White "Machin, Alex James"]
[Black "Roland, Jeffrey T"]
[Result "1-0"]
[WhiteElo "1569"]
[BlackElo "1731"]
[EventRounds "5"]
[EventCountry "USA"]

1. e4 e6 2. d3 d5 3. Nd2 c5 4. g3 Nc6 5. Bg2 Nf6 6. Ngf3 Be7 7. O-O O-O 8. c3
b6 9. e5 Nd7 10. d4 cxd4 11. cxd4 Ba6 12. Re1 Nb4 13. Bf1 Bxf1 14. Nxf1 Rc8
15. Ne3 f6 16. a3 Nc6 17. Ng4 f5 18. Ne3 g5 19. Kg2 h5 20. b4 g4 21. Ng1 Kg7
22. Ne2 Bg5 23. Nc2 Bxc1 24. Rxc1 Qe8 25. Nf4 Rh8 26. Ne3 Nf8 27. Qd3 Ng6 28.
Nxg6 Qxg6 29. Rh1 Qf7 30. Nc2 Rc7 31. Na1 Rhc8 32. Nb3 f4 33. Rhd1 f3+ 34. Kg1
Qe7 35. Rc2 Nd8 36. Rdc1 Nf7 37. Nd2 Rxc2 38. Rxc2 Rxc2 39. Qxc2 Qb7 40. h3
Qa6 41. hxg4 hxg4 42. Qc3 Qe2 43. Qe3 Kg6 44. Nb3 Nh6 45. Nc1 Qxe3 46. fxe3
Nf5 47. Kf2 Ne7 48. b5 Kf5 49. Nd3 Ke4 50. Nb4 Nf5 51. Nc6 Nxe3 52. Nxa7 Nd1+
53. Kf1 Ke3 54. a4 Kxd4 55. a5 Ne3+ 56. Kf2 Nd1+ 57. Kf1 Kc4 58. a6 Ne3+ 59.
Kf2 d4 60. Nc8 d3 61. Kxe3 f2 62. Kxf2 {#r} 1-0

[Event "BCC #7"]
[Site "?"]
[Date "2015.05.30"]
[Round "1.5"]
[White "Liu, James"]
[Black "Machin, Alex James"]
[Result "1-0"]
[WhiteElo "1143"]
[BlackElo "1716"]

1. d4 Nf6 2. c4 e6 3. Nc3 d5 4. Bg5 Be7 5. Nf3 c6 6. e3 Nbd7 7. cxd5 exd5 8.
Bd3 O-O 9. O-O Re8 10. Qc2 Nf8 11. Rae1 Be6 12. Ne5 h6 13. Bh4 N6d7 14. Bxe7
Rxe7 15. Nxd7 Nxd7 16. f4 f6 17. Rf3 Qf8 18. Nd1 Rae8 19. Nf2 Nb6 20. b3 Nc8
21. Rg3 Nd6 22. h3 f5 23. Rf3 a6 24. g4 g6 25. Kh2 Kh8 26. Rg1 Bc8 27. Nd1 Ne4
28. Bxe4 Rxe4 29. Rfg3 Qe7 30. Qd2 Qe6 31. gxf5 Qxf5 32. Qg2 Rg8 33. Nf2 Re6
34. h4 Bd7 35. Ng4 Kh7 36. Ne5 Be8 37. Rh3 Qh5 38. Nd3 Rg7 39. Nf2 Rge7 40.
Ng4 Rg7 41. Rg3 Bf7 42. f5 Qxf5 43. h5 g5 44. Rf3 Qe4 45. Nf6+ Rxf6 46. Rxf6
Be6 47. Qxe4+ {#r} 1-0

[Event "BCC #7"]
[Site "?"]
[Date "2015.05.30"]
[Round "2.4"]
[White "Machin, Alex James"]
[Black "Siek, Justin"]
[Result "0-1"]
[WhiteElo "1716"]
[BlackElo "1077"]

1. e4 e5 2. Nc3 Nc6 3. Bc4 Nf6 4. Nf3 Nxe4 5. Nxe4 d5 6. Bb5 dxe4 7. Nxe5 Qd6
8. Nxc6 bxc6 9. Ba4 Ba6 10. d3 exd3 11. cxd3 Bxd3 12. Qf3 Qb4+ 13. Bd2 Qxa4
14. Qxd3 Be7 15. O-O O-O 16. Bc3 Qg4 17. h3 Qe6 18. Qg3 f6 19. Rfe1 Qd6 20.
Qg4 Rfe8 21. Re6 Qd7 22. Rae1 Kf8 23. Qc4 c5 24. Qe4 Bd6 25. Rxe8+ Rxe8 26.
Qxh7 Rxe1+ 27. Bxe1 Kf7 28. Qe4 Qe6 29. Qxe6+ Kxe6 30. Kf1 Kd5 31. Bc3 Be5 32.
Bxe5 Kxe5 33. Ke2 Ke4 34. g3 c4 35. f3+ Kd4 36. h4 c3 37. b3 c2 38. Kd2 c1=Q+
39. Kxc1 Ke3 40. g4 Kxf3 41. g5 fxg5 42. hxg5 Kf4 43. g6 Kf5 44. Kd2 Kxg6 45.
Ke3 Kh5 46. b4 Kh4 47. b5 g5 48. Kf2 Kh3 49. Kg1 Kg3 50. a3 Kf3 51. Kh2 Ke3
52. Kg3 Kd4 53. Kg4 Kc4 54. Kxg5 Kxb5 55. Kf5 c5 56. Kf4 Ka4 57. Ke4 Kxa3 58.
Kd5 Kb4 {#R} 0-1

[Event "BCC #7"]
[Site "?"]
[Date "2015.05.30"]
[Round "3.5"]
[White "Olson, Christopher Ronald"]
[Black "Machin, Alex James"]
[Result "0-1"]
[WhiteElo "1061"]
[BlackElo "1716"]

1. e4 e6 2. d4 d5 3. exd5 exd5 4. Nf3 Bd6 5. Be2 Ne7 6. Be3 Bf5 7. Nc3 a6 8.
a3 Nbc6 9. Qd2 Qd7 10. h3 h6 11. Nh4 Be6 12. b4 g5 13. Nf3 Nf5 14. Na4 Nxe3
15. Qxe3 Bf4 16. Qb3 O-O 17. g3 Bd6 18. g4 b5 19. Nc5 Bxc5 20. bxc5 Na5 21.
Qe3 Nc4 22. Bxc4 dxc4 23. Nxg5 Bd5 24. O-O Rae8 25. Qf4 f6 26. Nf3 Re4 27.
Qxh6 Rf7 28. Qg6+ Rg7 29. Qxf6 Rexg4+ 30. Kh1 Rg1+ 31. Rxg1 Qxh3# 0-1

[Event "BCC #7"]
[Site "?"]
[Date "2015.05.30"]
[Round "4.4"]
[White "Machin, Alex James"]
[Black "Sanderson, Kenneth"]
[Result "1-0"]
[WhiteElo "1716"]
[BlackElo "1504"]

1. c4 Nf6 2. g3 d5 3. cxd5 Nxd5 4. Nf3 Nc6 5. Bg2 e6 6. O-O b6 7. d3 Bb7 8.
Bd2 Bd6 9. Nc3 Nf6 10. Rc1 a6 11. Ng5 Qd7 12. Qa4 Nd8 13. Qxd7+ Nxd7 14. Nce4
Rc8 15. Nxd6+ cxd6 16. Bxb7 Rxc1 17. Rxc1 Nxb7 18. Rc8+ Nd8 19. Rxd8+ Kxd8 20.
Nxf7+ Ke8 21. Nxh8 Kf8 22. Bb4 Kg8 23. Ng6 hxg6 24. Bxd6 Kf7 25. Kg2 Nf6 26.
e4 b5 27. h3 Ne8 28. Be5 Nf6 29. Kf3 Nd7 30. Bc3 e5 31. Ke3 Ke6 32. f4 {#r}
1-0

[Event "Idaho Closed"]
[Site "Twin Falls, ID"]
[Date "2015.02.14"]
[Round "1.2"]
[White "Machin, Alex James"]
[Black "Parsons, Larry R"]
[Result "1/2-1/2"]
[WhiteElo "1571"]
[BlackElo "2000"]
[EventRounds "6"]
[EventCountry "USA"]

1. d4 Nf6 2. Nf3 g6 3. e3 Bg7 4. Be2 O-O 5. Nbd2 d6 6. O-O Nbd7 7. c4 e5 8.
Qc2 c5 9. b3 Ne8 10. Bb2 f5 11. dxe5 dxe5 12. Rad1 e4 13. Ne1 Bxb2 14. Qxb2
Qe7 15. Nc2 b6 16. b4 Ne5 17. Nb3 Ba6 18. bxc5 bxc5 19. Rd5 Nd3 20. Bxd3 exd3
21. Na3 Nf6 22. Rxd3 Rad8 23. Rfd1 Rxd3 24. Rxd3 Ne4 25. Rd5 Rd8 26. Rxd8+
Qxd8 27. Qc2 Qd6 28. f3 Nf6 29. Nb1 Qe7 30. Kf2 Kg7 31. Nc3 Bxc4 32. Qd2 Qe5
33. Na4 Qxh2 34. Naxc5 Qe5 35. Nd7 Qd5 36. Qc3 Qxd7 37. Qxc4 Qd1 38. Qc3 Qd5
39. Qc7+ Qd7 40. Qe5 Kf7 41. Nd4 Qb7 42. Ne6 Qd7 43. Ng5+ Kg7 44. Nxh7 Qd2+
45. Kg3 Qe1+ 46. Kh3 Qh1+ 47. Kg3 Qe1+ 48. Kh3 Qh1+ 49. Kg3 Qe1+ 50. Kh3 Qh1+
{#d} 1/2-1/2

[Event "Idaho Closed"]
[Site "Twin Falls, ID"]
[Date "2015.02.16"]
[Round "5.3"]
[White "Buus, Jarod N"]
[Black "Machin, Alex James"]
[Result "0-1"]
[WhiteElo "1656"]
[BlackElo "1571"]
[EventRounds "6"]
[EventCountry "USA"]

1. e4 e6 2. d4 d5 3. e5 c5 4. c3 Nc6 5. Nf3 Bd7 6. Bd3 cxd4 7. cxd4 Qb6 8. O-O
Nge7 9. Nbd2 Nf5 10. Bxf5 exf5 11. Nb3 Be7 12. Be3 O-O 13. Nc5 Be6 14. Qd2
Rac8 15. Rfc1 Nb8 16. Rc3 Qc6 17. Rac1 b6 18. Nxe6 Qxe6 19. Rxc8 Rxc8 20. Bg5
Rc6 21. Bxe7 Qxe7 22. Rxc6 Nxc6 23. Qc2 Qd7 24. a3 g6 25. h4 h6 26. Qd2 Kg7
27. Ne1 Nd8 28. f4 Qb5 29. Nf3 Ne6 30. g3 Qb3 31. Kf2 Nc7 32. Ne1 Nb5 33. Qc2
Nxd4 34. Qxb3 Nxb3 35. Ke3 Kf8 36. Nc2 Ke7 37. Nd4 Nxd4 38. Kxd4 Ke6 39. b3 a6
40. h5 a5 41. hxg6 fxg6 42. b4 g5 43. bxa5 bxa5 {#R} 0-1

[Event "Idaho Open"]
[Site "Boise, ID"]
[Date "2015.06.20"]
[Round "1.2"]
[White "Gorman, Cody A M"]
[Black "Machin, Alex James"]
[Result "0-1"]
[WhiteElo "1885"]
[BlackElo "1716"]
[EventRounds "5"]
[EventCountry "USA"]

1. d4 e6 2. c4 Nf6 3. g3 Be7 4. Bg2 d5 5. Nf3 O-O 6. O-O Nbd7 7. Nbd2 c6 8.
Qc2 b6 9. e4 Bb7 10. Rd1 Rc8 11. e5 Ne8 12. Qa4 a5 13. Nf1 Nc7 14. Ne3 c5 15.
cxd5 Nxd5 16. dxc5 Nxc5 17. Qg4 Kh8 18. Nxd5 Bxd5 19. Ng5 Bxg5 20. Bxg5 Qe8
21. Bxd5 exd5 22. Rxd5 h6 23. Be3 Qb5 24. b3 Rfd8 25. Rad1 Re8 26. Qd4 Qe2 27.
Qd2 Qf3 28. Bxc5 Rxc5 29. Rxc5 bxc5 30. Re1 h5 31. Qe3 Qxe3 32. Rxe3 Rd8
{(Clock times: White: 8:34; Black :0:15!)} 33. Kg2 Rd2 34. a4 Rc2 35. Kf3 g6
36. Re4 Rc3+ 37. Re3 Rc2 38. Rd3 c4 39. bxc4 Rxc4 40. Ra3 Kg7 41. Ke3 Kf8 42.
Kd3 Rb4 43. f4 Ke7 44. Ra2 Ke6 45. Kc3 Kf5 46. h3 h4 47. Rf2 hxg3 48. Rg2 Kxf4
49. h4 Rxa4 50. Kb3 Rb4+ 51. Ka3 Kf3 52. Rc2 g2 53. Rc3+ Kf2 54. Rc2+ Kg3
{(Time Forfeit)} {#R} 0-1

[Event "Idaho Open"]
[Site "Boise, ID"]
[Date "2015.06.20"]
[Round "3.1"]
[White "Machin, Alex James"]
[Black "Lucky, David"]
[Result "0-1"]
[WhiteElo "1716"]
[BlackElo "2379"]
[EventRounds "5"]
[EventCountry "USA"]

1. c4 Nf6 2. Nc3 c5 3. Nf3 Nc6 4. g3 g6 5. Bg2 Bg7 6. O-O O-O 7. d3 d5 8. cxd5
Nxd5 9. Bd2 b6 10. Nxd5 Qxd5 11. Bc3 Qh5 12. Ne5 Nxe5 13. Bxa8 Bg4 14. Bxe5
Bxe2 15. Bxg7 Kxg7 16. Bb7 Bxd1 17. Rfxd1 Rd8 18. Ba6 Rd5 19. a4 Qh3 20. Bb7
Rh5 21. Bg2 Qxh2+ 22. Kf1 Rf5 23. a5 Qxg3 {#R} 0-1

[Event "Idaho Open"]
[Site "Boise, ID"]
[Date "2015.06.21"]
[Round "4.3"]
[White "Buus, Jarod N"]
[Black "Machin, Alex James"]
[Result "0-1"]
[WhiteElo "1730"]
[BlackElo "1716"]
[EventRounds "5"]
[EventCountry "USA"]

1. e4 e6 2. d4 d5 3. e5 c5 4. c3 Nc6 5. Nf3 Bd7 6. Be2 Nge7 7. a3 a5 8. O-O
Nf5 9. g4 Nh4 10. Nbd2 Be7 11. Nxh4 Bxh4 12. Nf3 Be7 13. Kg2 Qb6 14. dxc5 Bxc5
15. b4 axb4 16. cxb4 Be7 17. Be3 Qd8 18. Bd3 f6 19. Bf4 fxe5 20. Nxe5 Bf6 21.
Re1 Nxe5 22. Bxe5 O-O 23. g5 Bxe5 24. Rxe5 Qb6 25. Re3 e5 26. Bxh7+ Kxh7 27.
Qh5+ Kg8 28. g6 Rf5 29. Qh7+ Kf8 30. Qh8+ Ke7 31. Qxa8 d4 32. Re2 Rg5+ 33. Kf1
Bb5 34. Rae1 Qc6 35. Rd1 Qh1# 0-1

[Event "Idaho Open"]
[Site "Boise, ID"]
[Date "2015.06.21"]
[Round "5.2"]
[White "Machin, Alex James"]
[Black "Roland, Jeffrey T"]
[Result "0-1"]
[WhiteElo "1716"]
[BlackElo "1718"]
[EventRounds "5"]
[EventCountry "USA"]

1. c4 Nf6 2. Nc3 e5 3. Nf3 Nc6 4. g3 Bb4 5. Qc2 b6 6. Bg2 Bb7 7. O-O Nd4 8.
Nxd4 Bxg2 9. Kxg2 exd4 10. Ne4 O-O 11. a3 Be7 12. Ng5 h6 13. Nf3 c5 14. d3 Bd6
15. Bd2 Re8 16. Rfe1 Bc7 17. e4 dxe3 18. Bxe3 d5 19. Rad1 d4 20. Bd2 Qd7 21.
Rxe8+ Rxe8 22. Re1 Rxe1 23. Bxe1 Qe6 24. b4 Qc6 25. Qe2 Qe6 26. Qxe6 fxe6 27.
Kf1 e5 28. Nd2 cxb4 29. axb4 a5 30. bxa5 bxa5 31. Ne4 Nxe4 32. dxe4 a4 33. Bb4
Kf7 34. Ke2 Ke6 35. Kd3 h5 36. c5 Kd7 37. Kc4 Kc6 38. Bd2 a3 39. Kb3 a2 40.
Kxa2 Kxc5 41. Kb3 Kb5 42. Bb4 d3 43. Bd2 Bb6 44. f3 Bd4 45. h3 g6 {#R} 0-1

[Event "BCC #8"]
[Site "Boise, ID"]
[Date "2015.07.25"]
[Round "1.1"]
[White "Machin, Alex James"]
[Black "Glenn, John Dennis"]
[Result "0-1"]
[WhiteElo "1661"]
[BlackElo "1906"]
[EventRounds "4"]
[EventCountry "USA"]

1. c4 f5 2. d4 e6 3. g3 Nf6 4. Bg2 d5 5. Nc3 c6 6. Nf3 Bd6 7. Bg5 Nbd7 8. cxd5
exd5 9. O-O O-O 10. Qc2 h6 11. Qxf5 Ne5 12. Bxf6 Qb6 13. Bxe5 Rxf5 14. Bxd6
Qxb2 15. Rfc1 Qb6 16. a4 Qd8 17. Be5 a5 18. Rab1 Rf7 19. Nd1 Bf5 20. Rb2 Qe7
21. Rc3 Rd8 22. Rb6 Qe6 23. Nb2 g5 24. Nd3 Qg6 25. Nc5 Bc8 26. Kf1 Qf5 27. Nd3
Qg6 28. Ke1 Rdf8 29. Rc1 Bf5 30. Nc5 Bc8 31. Nd3 Bf5 32. Nc5 Bc8 33. Kd2 Qf5
34. Rf1 Re8 35. Kd1 g4 36. Nh4 Qg5 37. Nd3 Qe7 38. Rb3 Kh7 39. Kd2 Qg5+ 40.
Kc2 Qd8 41. Rfb1 Qe7 42. Kb2 b5 43. axb5 cxb5 44. Rxb5 Ba6 45. Rxa5 Bxd3 46.
exd3 Qb4+ 47. Kc2 Qxa5 48. f4 gxf3 49. Bxf3 Rc8+ 50. Kd1 Qa4+ 51. Ke1 Qc2 52.
Rb6 Qxd3 53. Bf4 Re7+ 54. Be5 Rc1+ 55. Kf2 Qf1+ 56. Ke3 Rf7 57. Rb8 Rc3+ 58.
Kd2 Qc1+ 59. Ke2 Rc2+ 60. Kd3 Qd2# 0-1